Govt. of
Madhya Pradesh

प्राथमिक शिक्षक पात्रता परिक्षा (बाल विकास एवं शिक्षाशास्त्र ) 2 (Record no. 67043)

MARC details
000 -LEADER
fixed length control field 00620nam a22001577a 4500
003 - CONTROL NUMBER IDENTIFIER
control field macl
005 - DATE AND TIME OF LATEST TRANSACTION
control field 20241018143027.0
008 - FIXED-LENGTH DATA ELEMENTS--GENERAL INFORMATION
fixed length control field 241018b |||||||| |||| 00| 0 eng d
040 ## - CATALOGING SOURCE
Transcribing agency macl
082 ## - DEWEY DECIMAL CLASSIFICATION NUMBER
Classification number 370
100 ## - MAIN ENTRY--PERSONAL NAME
Personal name सिंह सुशील
9 (RLIN) 59457
245 ## - TITLE STATEMENT
Title प्राथमिक शिक्षक पात्रता परिक्षा (बाल विकास एवं शिक्षाशास्त्र ) 2
260 ## - PUBLICATION, DISTRIBUTION, ETC. (IMPRINT)
Place of publication, distribution, etc. नई दिल्ली
Name of publisher, distributor, etc. अरिहंत पब्लिकैशन
Date of publication, distribution, etc. 2024
650 ## - SUBJECT ADDED ENTRY--TOPICAL TERM
Topical term or geographic name as entry element संस्कृत भाषा
9 (RLIN) 78698
942 ## - ADDED ENTRY ELEMENTS (KOHA)
Source of classification or shelving scheme
Koha item type Competitive Books

No items available.